[Event "WYCC 2018 O16"]
[Site "Halkidiki"]
[Date "2018.10.29"]
[Round "10"]
[White "Semjonovs, Ilja"]
[Black "Wachinger, Nikolas"]
[Result "1-0"]
[WhiteElo "2245"]
[BlackElo "2360"]
[Annotator "NA"]
[PlyCount "91"]
[EventDate "2018.10.20"]
[EventType "swiss"]
[EventCountry "GRE"]
[SourceTitle "playchess.com"]
[Source "ChessBase"]
[SourceQuality "1"]
[TimeControl "40/5400+30:1800+30"]

1. e4 {[%emt 0:00:06]} c5 {[%emt 0:00:00]} 2. Nf3 {[%emt 0:00:18]} d6 {[%emt 0:00:00]} 3. d4 {[%emt 0:00:28]} Nf6 {[%emt 0:00:00]} 4. Nc3 {[%emt 0:00:06]} cxd4 {[%emt 0:00:03]} 5. Nxd4 {[%emt 0:00:05]} a6 {[%emt 0:00:08]} 6. Be3 {[%emt 0:00:28]} Ng4 {[%emt 0:00:11]} 7. Bc1 {[%emt 0:00:19]} Nf6 {[%emt 0:00:08]} 8. Be3 {[%emt 0:00:22]} Ng4 {[%emt 0:00:10]} 9. Bc1 {[%emt 0:00:06]} Nc6 {[%emt 0:00:09]} 10. Nxc6 {[%emt 0:09:31]} bxc6 {[%emt 0:00:08]} 11. Be2 {[%emt 0:02:29]} Nf6 {[%emt 0:00:08]} 12. O-O {[%emt 0:04:13]} e5 {[%emt 0:00:13]} 13. f4 {[%emt 0:04:51]} Nd7 {[%emt 0:30:29]} 14. Bg4 {[%emt 0:11:36]} Be7 {[%emt 0:02:19]} 15. Bxd7+ {[%emt 0:09:35]} Qxd7 {[%emt 0:10:06]} 16. fxe5 {[%emt 0:05:49]} dxe5 {[%emt 0:00:14]} 17. Qxd7+ {[%emt 0:06:32]} Bxd7 $11 {[%emt 0:00:10]} 18. Be3 {[%emt 0:00:06]} Rb8 {[%emt 0:02:55]} 19. b3 {[%emt 0:02:23]} O-O {[%emt 0:02:37]} 20. Na4 {[%emt 0:02:44]} Rfe8 {[%emt 0:05:35]} 21. h3 {[%emt 0:07:40]} Be6 {[%emt 0:06:54]} 22. Bc5 {[%emt 0:08:38]} Bg5 {[%emt 0:01:33]} 23. Rad1 {[%emt 0:01:57]} Rbd8 {[%emt 0:03:44]} 24. Bb6 {[%emt 0:14:21]} Rxd1 {[%emt 0:08:13]} 25. Rxd1 {[%emt 0:00:04]} f5 {[%emt 0:00:09]} 26. Re1 {[%emt 0:00:09]} fxe4 {[%emt 0:03:18]} 27. Nc5 {[%emt 0:02:42]} Bf5 {[%emt 0:00:40]} 28. Nxe4 {[%emt 0:00:20]} Be7 {[%emt 0:00:31]} 29. Re2 {[%emt 0:05:06]} Bg6 {[%emt 0:02:24]} 30. Bc7 {[%emt 0:00:59]} Bb4 {[%emt 0:01:18]} 31. Bd6 {[%emt 0:00:48]} a5 {[%emt 0:01:45]} 32. a3 {[%emt 0:00:30]} Bxd6 {[%emt 0:02:18]} 33. Nxd6 {[%emt 0:00:04]} Rd8 {[%emt 0:07:25]} 34. Nc4 {[%emt 0:00:12]} a4 {[%emt 0:00:04]} 35. bxa4 {[%emt 0:01:16]} e4 {[%emt 0:00:59]} 36. Ne5 {[%emt 0:00:20]} Rd4 {[%emt 0:00:26]} 37. c4 {[%emt 0:00:41]} Bf5 {[%emt 0:03:59]} 38. Kf2 {[%emt 0:00:29]} Be6 {[%emt 0:02:18]} 39. Ke3 {[%emt 0:00:20]} c5 {[%emt 0:00:01]} 40. Rd2 {[%emt 0:00:00]} Bxc4 {[%emt 0:00:00]} 41. Rxd4 {[%emt 0:01:12]} cxd4+ {[%emt 0:02:59]} 42. Kxd4 {[%emt 0:03:10]} Bf1 {[%emt 0:08:54]} 43. a5 {[%emt 0:03:57]} Bxg2 {[%emt 0:00:08]} 44. a6 {[%emt 0:01:19]} e3 {[%emt 0:00:30]} 45. Kxe3 {[%emt 0:00:36]} Ba8 46. Nd7 {[%emt 0:00:30]} 1-0

[Event "WYCC 2018 O16"]
[Site "Halkidiki"]
[Date "2018.10.29"]
[Round "10"]
[White "Lund, Gunnar"]
[Black "Vestby-Ellingsen, Mads"]
[Result "1/2-1/2"]
[WhiteElo "2227"]
[BlackElo "2410"]
[Annotator "TA"]
[PlyCount "107"]
[EventDate "2018.10.20"]
[EventType "swiss"]
[EventCountry "GRE"]
[SourceTitle "playchess.com"]
[Source "ChessBase"]
[SourceQuality "1"]

{[%evp 20,107,0,-10,39,-9,-5,-7,-7,-7,-9,-6,-6,-13,-11,-13,-15,-24,-22,-15,-26,-16,-4,-35,-37,-48,12,0,0,-42,-37,-43,0,0,0,-32,0,-56,-29,-43,0,0,0,-43,-30,-107,-18,-11,-3,-3,0,-18,-22,-12,-23,-39,0,-50,-43,-59,0,0,0,0,0,0,0,0,0,0,0,0,0,0,1138,1068,5410,512,505,499,490,462,423,0,0,0,332,0,0,0]} 1. e4 e5 2. Nf3 Nc6 3. Bc4 Bc5 4. c3 Nf6 {[%cal Bg8f6,Bf6d5,Bd5b6][%mdl 32]} 5. d3 O-O 6. Nbd2 d5 {C54: Giuoco Piano: 4 c3 Nf6, main lines with 5 d4 and 5 d3} (6... d6 7. O-O Ne7 8. d4 exd4 9. cxd4 Bb6 10. e5 Ne8 11. a4 Nf5 12. Nb3 dxe5 13. dxe5 Qxd1 14. Rxd1 a5 15. h3 {½-½ (48) Dominguez Perez,L (2739)-Aronian,L (2767) Saint Louis 2018}) 7. exd5 Nxd5 8. O-O Nb6 9. b4 Be7 10. b5 Na5 11. Nxe5 {LiveBook: 5 Games} Bf6 12. f4 (12. Nxf7 {is interesting.} Rxf7 13. Bxf7+ Kxf7 14. Qf3 Kg8 15. Ne4) 12... Nbxc4 13. Ndxc4 Nxc4 14. dxc4 Bxe5 15. fxe5 Be6 $146 16. Qe2 Qe7 17. Be3 Qa3 18. Qc2 Bxc4 19. Rf4 Bxb5 20. Rh4 $1 {[%csl Gh4][%cal Rc2h7]} g6 $1 {With the idea ...Rfe8.} 21. Qf2 Qxc3 22. Bd4 $1 {[%cal Rd4c3]} Qc6 ({Black should try} 22... Qd3 $15 23. Qf4 h5) 23. Qe3 f6 $1 (23... h5 $2 24. e6 $18) 24. exf6 Rae8 25. Qg5 {White wants to play Rc1.} a6 26. Rc1 Qd7 27. h3 Rf7 28. Qg3 (28. Bc5 $11) 28... Bc6 29. Re1 Re6 30. Rxe6 Qxe6 31. Qf2 Rd7 32. Rf4 (32. Qg3 $1 $11 {remains equal.}) 32... Bd5 (32... Kf7 $17) 33. Qh4 $11 Rf7 34. a3 b6 35. Rf1 Qe4 {[%csl Gd5][%cal Re4g2]} 36. Qf2 Rd7 {And now ...Bc4 would win.} 37. Bb2 Kf7 38. Bc3 Qc4 39. Qe3 Qe4 ({Black should play} 39... Qc5 $15 40. Qxc5 bxc5) 40. Qg3 Be6 41. Kh2 Qc4 42. Rf3 h6 43. Re3 g5 44. Be5 c5 45. Qf3 {Qh5+ would kill now.} Kg6 46. Qa8 {Threatens to win with Qe8+.} Rd1 $2 {[%mdl 8192] [#]} (46... Rd2 $11 47. Rg3 (47. Qe8+ $2 Bf7 $19) 47... Qd5) 47. f7 $1 $18 {[%mdl 512]} Bxf7 48. Qh8 (48. Rf3 $142 {Threatening mate with Rf6+.} Qd5 49. Rf6+ Kh7 50. Qh8+ $1 {[%mdl 512]} Kxh8 51. Rxh6+ Kg8 52. Rh8#) 48... Rd2 49. Qf6+ Kh5 {[#]} 50. Bc3 $1 ({Less strong is} 50. Qf3+ Kg6 $16) 50... Rc2 51. Qf3+ Kg6 {Strongly threatening ...Bd5.} 52. Qf6+ Kh5 53. Qf3+ $2 (53. Re5 $18 {White threatens Rxg5+! and mate.} Rxg2+ 54. Kxg2 Bd5+ 55. Kg1) 53... Kg6 $11 54. Qf6+ {Precision: White = 59%, Black = 53%.} 1/2-1/2

[Event "WYCC 2018 O16"]
[Site "Halkidiki"]
[Date "2018.10.29"]
[Round "10"]
[White "Quirhuayo Chumbe, German Gonzalo"]
[Black "Szpar, Milosz"]
[Result "1/2-1/2"]
[WhiteElo "2220"]
[BlackElo "2328"]
[Annotator "NA"]
[PlyCount "121"]
[EventDate "2018.10.20"]
[EventType "swiss"]
[EventCountry "GRE"]
[SourceTitle "playchess.com"]
[Source "ChessBase"]
[SourceQuality "1"]
[TimeControl "40/5400+30:1800+30"]

1. e4 {[%emt 0:00:00]} c5 {[%emt 0:00:00]} 2. Nf3 {[%emt 0:00:00]} Nc6 {[%emt 0:00:00]} 3. d4 {[%emt 0:00:00]} cxd4 {[%emt 0:00:10]} 4. Nxd4 {[%emt 0:00:00]} Nf6 {[%emt 0:00:37]} 5. Nc3 {[%emt 0:00:00]} e5 {[%emt 0:00:22]} 6. Ndb5 {[%emt 0:00:00]} d6 {[%emt 0:00:08]} 7. Nd5 {[%emt 0:00:09]} Nxd5 {[%emt 0:00:23]} 8. exd5 {[%emt 0:00:06]} Nb8 {[%emt 0:00:35]} 9. c4 {[%emt 0:00:16]} a6 {[%emt 0:06:40]} 10. Nc3 {[%emt 0:01:08]} Be7 {[%emt 0:00:35]} 11. Bd3 {[%emt 0:01:38]} O-O {[%emt 0:01:48]} 12. O-O {[%emt 0:00:06]} f5 {[%emt 0:00:44]} 13. f3 {[%emt 0:00:13]} Bg5 {[%emt 0:05:16] B33: Sicilian: Pelikan and Sveshnikov Variations} (13... Nd7 14. Be3 Bg5 15. Bf2 b6 16. b4 Bb7 17. Qc2 g6 18. Kh1 Kh8 19. Rab1 Rc8 20. a4 Qe7 21. Bg1 Qg7 22. Rb3 Bf6 23. Qd2 {1-0 (41) Oparin,G (2526)-Tregubov,P (2614) Yerevan 2014}) 14. Bxg5 {[%emt 0:01:38]} Qxg5 {[%emt 0:00:17] LiveBook: 20 Games} 15. b4 {[%emt 0:01:06]} Nd7 {[%emt 0:03:24]} 16. Kh1 $146 {[%emt 0:01:10]} ({Predecessor:} 16. Qc1 Qh4 17. Qe3 Qf6 18. Rac1 e4 19. fxe4 f4 20. Qf2 a5 21. bxa5 {0-1 (32) Figus,M-Ciuffoletti,P (2168) Turin 2000}) 16... e4 {[%emt 0:29:23]} 17. fxe4 {[%emt 0:03:27]} f4 {[%emt 0:00:18]} 18. Qd2 {[%emt 0:06:35]} Qh6 {[%emt 0:01:07]} 19. g3 {[%emt 0:07:04]} f3 {[%emt 0:02:00]} 20. Qxh6 {[%emt 0:00:14]} gxh6 {[%emt 0:00:04]} 21. Nd1 {[%emt 0:00:16]} a5 {[%emt 0:00:30]} 22. c5 {[%emt 0:05:14]} axb4 {[%emt 0:18:47]} 23. cxd6 {[%emt 0:00:47]} b3 {[%emt 0:05:43]} 24. Bc4 {[%emt 0:07:51]} bxa2 {[%emt 0:06:26]} 25. Rxa2 {[%emt 0:09:37]} Rxa2 {[%emt 0:00:42]} 26. Bxa2 {[%emt 0:00:05]} Ne5 {[%emt 0:00:24]} 27. Nf2 {[%emt 0:01:48]} Bd7 {[%emt 0:00:43]} 28. Bb1 {[%emt 0:01:35]} Bb5 {[%emt 0:00:22]} 29. Rc1 {[%emt 0:00:31]} Ra8 {[%emt 0:02:35]} 30. g4 {[%emt 0:00:29]} Kf8 {[%emt 0:02:07]} 31. h3 {[%emt 0:01:01]} (31. Rc5 $11 {remains equal.} Bd7 32. h4) 31... Bc4 {[%emt 0:04:27]} 32. Kh2 {[%emt 0:31:15]} Ke8 {[%emt 0:00:27]} 33. Kg3 {[%emt 0:00:02]} Kd7 {[%emt 0:00:57]} 34. Nd1 {[%emt 0:00:33]} Ra3 {[%emt 0:06:08]} 35. Rc3 {[%emt 0:11:32]} Ra1 {[%emt 0:01:46]} 36. Ne3 {[%emt 0:03:11]} b5 {[%emt 0:00:15]} 37. Bc2 {[%emt 0:00:05]} Kxd6 {[%emt 0:01:21]} 38. Bd1 {[%emt 0:00:06]} Kc5 {[%emt 0:00:30]} 39. Bxf3 {[%emt 0:00:47]} Kd4 {[%emt 0:00:11]} 40. Rxc4+ {[%emt 0:00:00]} Kxe3 {[%emt 0:00:00]} 41. Rb4 {[%emt 0:10:09]} Nxf3 {[%emt 0:04:31]} 42. Rb3+ {[%emt 0:00:01]} Kxe4 {[%emt 0:00:24]} 43. Rxf3 {[%emt 0:01:09]} Kxd5 {[%emt 0:00:23]} 44. Rf7 {[%emt 0:01:37]} b4 {[%emt 0:05:37]} 45. Rxh7 {[%emt 0:01:34]} b3 {[%emt 0:01:29]} 46. Rb7 {[%emt 0:00:17]} Kc4 {[%emt 0:03:59]} 47. Rc7+ {[%emt 0:03:57]} Kb4 {[%emt 0:04:04]} 48. Rb7+ {[%emt 0:01:10]} Ka3 {[%emt 0:01:56]} 49. Kh4 {[%emt 0:06:40]} b2 {[%emt 0:05:24]} 50. Kh5 {[%emt 0:10:08]} Rh1 {[%emt 0:02:09]} 51. h4 {[%emt 0:00:29]} Rh3 {[%emt 0:00:53]} 52. Ra7+ {[%emt 0:01:19]} Kb3 {[%emt 0:00:19]} 53. Rb7+ {[%emt 0:00:04]} Kc2 {[%emt 0:00:42]} 54. Rxb2+ {[%emt 0:00:16]} Kxb2 {[%emt 0:00:05]} 55. Kxh6 {[%emt 0:00:24]} Rxh4+ $11 {[%emt 0:06:04]} 56. Kg5 {[%emt 0:00:07]} Rh1 {[%emt 0:00:15]} 57. Kf6 {[%emt 0:00:12]} Kc3 {[%emt 0:01:03]} 58. g5 {[%emt 0:00:16]} Kd4 {[%emt 0:00:38]} 59. g6 {[%emt 0:00:18]} Kd5 {[%emt 0:00:40]} 60. g7 {[%emt 0:00:16]} Rf1+ {[%emt 0:00:22]} 61. Ke7 {[%emt 0:00:14]} 1/2-1/2

[Event "WYCC 2018 O16"]
[Site "Halkidiki"]
[Date "2018.10.29"]
[Round "10"]
[White "Wang, Yanbin"]
[Black "Shubin, Kirill"]
[Result "1-0"]
[WhiteElo "2220"]
[BlackElo "2369"]
[Annotator "NA"]
[PlyCount "59"]
[EventDate "2018.10.20"]
[EventType "swiss"]
[EventCountry "GRE"]
[SourceTitle "playchess.com"]
[Source "ChessBase"]
[SourceQuality "1"]
[TimeControl "40/5400+30:1800+30"]

1. Nf3 {[%emt 0:00:00]} c5 {[%emt 0:00:00]} 2. g3 {[%emt 0:00:00]} Nc6 {[%emt 0:00:00]} 3. Bg2 {[%emt 0:00:00]} g6 {[%emt 0:00:00]} 4. O-O {[%emt 0:00:10]} Bg7 {[%emt 0:00:00]} 5. d3 {[%emt 0:00:39]} e6 {[%emt 0:00:00]} 6. e4 {[%emt 0:00:48]} Nge7 {[%emt 0:00:00]} 7. c3 {[%emt 0:00:16]} d5 {[%emt 0:00:45]} 8. Qe2 {[%emt 0:00:10]} b6 {[%emt 0:00:40]} 9. Re1 {[%emt 0:04:33]} h6 {[%emt 0:00:17] A08: Königsindisch im Anzug} 10. h4 {[%emt 0:05:30]} Ba6 {[%emt 0:07:09]} 11. e5 {[%emt 0:00:33]} Qc7 {[%emt 0:00:15]} 12. a4 {[%emt 0:01:55]} Na5 {[%emt 0:04:00]} 13. Bf4 {[%emt 0:00:53]} c4 {[%emt 0:04:31]} 14. d4 {[%emt 0:00:26]} Nb3 {[%emt 0:00:11]} 15. Ra3 {[%emt 0:00:19]} Bb7 $146 {[%emt 0:00:28]} ({Vorgänger:} 15... Qb7 16. Bf1 b5 17. Rxb3 cxb3 18. axb5 Bxb5 19. Qxb5+ Qxb5 20. Bxb5+ {1-0 (35) Hoffman,A (2495)-Rosito,J (2340) Argentina 1995}) 16. h5 {[%emt 0:04:41]} g5 {[%emt 0:00:15]} 17. Be3 {[%emt 0:00:07]} Nc6 {[%emt 0:00:23]} 18. Nbd2 {[%emt 0:08:31]} Bf8 {[%emt 0:01:29]} 19. Ra2 {[%emt 0:00:35]} Nca5 {[%emt 0:00:18]} 20. Nh2 {[%emt 0:00:12]} O-O-O {[%emt 0:00:54]} 21. f4 {[%emt 0:00:34]} gxf4 {[%emt 0:00:37]} 22. Bxf4 {[%emt 0:00:05]} Nxd2 {[%emt 0:01:20]} 23. Qxd2 {[%emt 0:00:45]} Bg7 {[%emt 0:04:39]} 24. Ng4 {[%emt 0:00:51]} Bc6 {[%emt 0:00:51]} 25. Bf3 {[%emt 0:02:43]} Nb3 {[%emt 0:00:06]} 26. Qe3 {[%emt 0:00:15]} Qd7 {[%emt 0:01:30]} 27. Nxh6 {[%emt 0:01:09]} Bxa4 {[%emt 0:06:13]} 28. Ng4 {[%emt 0:03:19]} Rhg8 {[%emt 0:04:18]} 29. Bg5 $18 {[%emt 0:01:38]} Rdf8 {[%emt 0:00:06]} 30. Kf2 {[%emt 0:00:42]} 1-0

[Event "WYCC 2018 O16"]
[Site "Halkidiki"]
[Date "2018.10.29"]
[Round "10"]
[White "Sargsyan, Tigran R."]
[Black "Zarubitski, Viachaslau"]
[Result "0-1"]
[WhiteElo "2218"]
[BlackElo "2417"]
[Annotator "TA"]
[PlyCount "130"]
[EventDate "2018.10.20"]
[EventType "swiss"]
[EventCountry "GRE"]
[SourceTitle "playchess.com"]
[Source "ChessBase"]
[SourceQuality "1"]

{[%evp 19,130,0,0,0,0,-5,17,7,16,16,19,26,33,33,64,54,68,15,18,0,0,0,0,0,0,0,0,-11,-16,0,-10,-22,-15,-73,-59,-69,-61,-97,-104,-103,-16,-9,0,-98,-99,-116,-115,-230,-141,-143,-139,-203,-205,-249,-244,-277,-266,-252,-231,-234,-218,-223,0,-214,0,-209,-167,-196,-117,-520,-542,-718,-710,-674,-109,-102,-120,-327,-323,-493,-405,-408,0,0,0,-376,-388,-369,-358,-786,-508,-518,-508,-472,-492,-491,-491,-467,-466,-496,-483,-656,-573,-1127,-1060,-1255,-1146,-29987,-29988,-29992,-29993,-29993,-29994]} 1. d4 Nf6 2. c4 e6 3. Nf3 Bb4+ 4. Nbd2 b6 5. g3 Bb7 6. Bg2 O-O 7. O-O Re8 8. Qc2 {E16: Queen's Indian: 4 g3 Bb7 5 Bg2 Bb4+} Bxd2 9. Bxd2 Be4 10. Qb3 d6 {LiveBook: 4 Games} 11. Bc3 $146 ({Predecessor:} 11. Rfd1 Nbd7 12. Bf1 Qe7 13. Rac1 h6 14. Nh4 c5 15. f3 Bc6 {1-0 (42) Wang,Y (2718)-Wang,C (2514) China 2016}) 11... Nbd7 12. Rfd1 Qc8 13. Bh3 a5 14. Nd2 a4 15. Qa3 Bc6 16. d5 exd5 17. Bxf6 $1 gxf6 18. cxd5 (18. Rac1 $14) 18... Bxd5 $11 19. Nf3 Be6 20. Bg2 Ra5 21. Nd4 Ne5 22. f4 Ng6 23. e4 {Strongly threatening f5.} f5 24. exf5 Bxf5 25. Re1 Bd7 26. Nf3 (26. Qd3 $1 $11 {was the only way to keep the balance.}) 26... Bc6 $17 27. Qc3 Rc5 28. Qf6 Re6 $36 {[%mdl 2048] Black is on the roll.} 29. Qd4 Rd5 (29... Rxe1+ $17 30. Rxe1 Qa8) 30. Qc3 $11 Rc5 (30... Rxe1+ $11 31. Rxe1 Rc5) 31. Qd4 $1 $17 Qe8 {Hoping for ...Rc2.} 32. Rxe6 Qxe6 ({Don't play} 32... fxe6 33. Qd2 $11) 33. Re1 (33. Qf2 $17 Qd5 34. a3) 33... Qd5 34. Qxd5 Bxd5 35. Nd4 (35. a3 $17) 35... Bxa2 $19 36. Re8+ Kg7 37. Be4 Kf6 38. Kf2 Bd5 39. Bd3 Bc4 40. Be4 Bd5 41. Bd3 Bc4 42. Be4 d5 43. Bf3 {[#]} Ra5 (43... Ba2 $1 $19 44. h4 Rc4 45. Bxd5 Rxd4 46. Bxa2 h5) 44. h4 $2 {[%mdl 8192] [#]} (44. Rb8 $17 {is a better chance.}) 44... c5 $1 45. Nc6 Rb5 46. g4 Nxf4 $2 (46... Nxh4 $19 {has better winning chances.} 47. Kg3 Nxf3 48. Kxf3 Rb3+ 49. Re3 Rxb2 50. g5+ Kg7) 47. g5+ $17 Kg7 48. Ne7 $2 (48. Kg3 $17) 48... h5 $19 ({And not} 48... Rxb2+ 49. Kg3 $11) 49. Rg8+ Kh7 50. Rf8 Kg7 51. Rg8+ Kh7 52. Rf8 $1 {[%cal Rf8f7]} d4 53. Be4+ Ng6 54. Ng8 $2 (54. Ra8) 54... Kg7 55. Ra8 {And now Nf6 would win.} Rxb2+ 56. Kg1 Nxh4 57. Nf6 {[%cal Rf6h5] [#]} Nf3+ $1 58. Bxf3 {[%csl Gf6][%cal Ra8g8]} Kg6 59. Ne4 {If White can now play Rg8+ this consolidates a bit.} Bd3 60. Rg8+ Kf5 61. Nd6+ Kf4 {aiming for ...Kg3.} 62. Bg2 a3 {[%cal Ba4a3,Ba3a2][%mdl 32] Threatens to win with ...Kg3.} 63. Rf8 Kg3 {Black mates.} 64. Ne4+ Bxe4 65. Bxe4 a2 {Precision: White = 38%, Black = 62%.} 0-1

[Event "WYCC 2018 O16"]
[Site "Halkidiki"]
[Date "2018.10.29"]
[Round "10"]
[White "Filgueiras, Nathan Felipe"]
[Black "Lianes Garcia, Marcos"]
[Result "1-0"]
[WhiteElo "2188"]
[BlackElo "2376"]
[Annotator "NA"]
[PlyCount "59"]
[EventDate "2018.10.20"]
[EventType "swiss"]
[EventCountry "GRE"]
[SourceTitle "playchess.com"]
[Source "ChessBase"]
[SourceQuality "1"]
[TimeControl "40/5400+30:1800+30"]

1. e4 {[%emt 0:00:00]} e5 {[%emt 0:00:00]} 2. Nf3 {[%emt 0:00:00]} Nc6 {[%emt 0:00:07]} 3. Bc4 {[%emt 0:00:00]} Bc5 {[%emt 0:00:26]} 4. O-O {[%emt 0:00:16]} Nf6 {[%emt 0:00:24]} 5. d3 {[%emt 0:00:08]} O-O {[%emt 0:00:21]} 6. h3 {[%emt 0:05:03]} d5 {[%emt 0:19:45]} 7. exd5 {[%emt 0:00:12]} Nxd5 {[%emt 0:00:07]} 8. Re1 {[%emt 0:09:48] LiveBook: 16 Games} Nb6 {[%emt 0:10:28]} 9. Bb3 {[%emt 0:03:13]} Bd6 {[%emt 0:07:55]} 10. Nc3 {[%emt 0:16:06]} Bf5 {[%emt 0:08:49]} 11. Ne4 {[%emt 0:06:52]} Bg6 $14 {[%emt 0:06:49]} 12. Bd2 {[%emt 0:08:57]} Kh8 {[%emt 0:16:17]} 13. Bc3 {[%emt 0:05:28]} f5 {[%emt 0:07:01]} 14. Nxd6 {[%emt 0:02:40]} cxd6 {[%emt 0:00:04]} 15. d4 {[%emt 0:01:14]} e4 {[%emt 0:01:01]} 16. d5 {[%emt 0:01:09]} exf3 {[%emt 0:03:36]} 17. dxc6 {[%emt 0:00:10]} bxc6 {[%emt 0:01:52]} 18. Qxf3 {[%emt 0:01:33]} Qd7 {[%emt 0:01:43]} 19. Be6 {[%emt 0:09:06]} Qc7 {[%emt 0:03:23]} 20. Qf4 {[%emt 0:02:17]} Rfe8 {[%emt 0:05:41]} 21. Rad1 {[%emt 0:03:28]} Rad8 {[%emt 0:00:08]} 22. a4 {[%emt 0:06:17]} Re7 {[%emt 0:02:07]} 23. a5 {[%emt 0:01:04]} Na8 {[%emt 0:00:24]} 24. Qg5 {[%emt 0:01:52]} f4 {[%emt 0:02:58]} 25. Bf5 {[%emt 0:01:26]} Rf7 {[%emt 0:00:22]} 26. Bxg6 {[%emt 0:00:53]} hxg6 {[%emt 0:00:01]} 27. Qxg6 {[%emt 0:00:23]} Kg8 {[%emt 0:00:41]} 28. Re6 {[%emt 0:01:25]} d5 {[%emt 0:00:02]} 29. Rde1 {[%emt 0:01:30]} Qd7 {[%emt 0:00:30]} 30. Bxg7 {[%emt 0:00:56]} 1-0

[Event "WYCC 2018 O16"]
[Site "Halkidiki"]
[Date "2018.10.29"]
[Round "10"]
[White "Petkov, Matey"]
[Black "Morgunov, Daniel"]
[Result "1-0"]
[WhiteElo "2164"]
[BlackElo "2328"]
[Annotator "NA"]
[PlyCount "61"]
[EventDate "2018.10.20"]
[EventType "swiss"]
[EventCountry "GRE"]
[SourceTitle "playchess.com"]
[Source "ChessBase"]
[SourceQuality "1"]
[TimeControl "40/5400+30:1800+30"]

1. d4 {[%emt 0:00:00]} d5 {[%emt 0:00:00]} 2. c4 {[%emt 0:00:21]} e6 {[%emt 0:00:00]} 3. Nc3 {[%emt 0:00:17]} Be7 {[%emt 0:00:00]} 4. Bf4 {[%emt 0:01:04]} Nf6 {[%emt 0:00:26]} 5. e3 {[%emt 0:00:09]} O-O {[%emt 0:00:26]} 6. Nf3 {[%emt 0:03:00]} b6 {[%emt 0:04:32]} 7. cxd5 {[%emt 0:08:12]} exd5 {[%emt 0:05:58]} 8. Ne5 {[%emt 0:03:41] LiveBook: 5 Games} Be6 {[%emt 0:02:28]} 9. Be2 {[%emt 0:01:46]} c5 {[%emt 0:02:24]} 10. O-O {[%emt 0:00:25]} Qc8 {[%emt 0:09:12]} 11. Bf3 {[%emt 0:10:16]} Rd8 {[%emt 0:01:51]} 12. Qa4 {[%emt 0:04:57]} Qb7 {[%emt 0:05:05]} 13. Rfd1 {[%emt 0:02:54]} Nfd7 {[%emt 0:15:24]} 14. e4 $16 {[%emt 0:07:51]} Nxe5 {[%emt 0:18:36]} 15. Bxe5 {[%emt 0:00:10]} Bd7 {[%emt 0:11:01]} 16. Qc2 {[%emt 0:00:49]} cxd4 {[%emt 0:01:14]} 17. Nxd5 {[%emt 0:05:33]} Bc5 {[%emt 0:00:42]} 18. b4 {[%emt 0:09:12]} Nc6 {[%emt 0:04:02]} 19. Bxg7 {[%emt 0:02:08]} Nxb4 {[%emt 0:06:17]} 20. Nxb4 {[%emt 0:00:21]} Kxg7 {[%emt 0:00:40]} 21. e5 {[%emt 0:00:12]} Qc8 {[%emt 0:01:54]} 22. Bxa8 {[%emt 0:00:39]} Bxb4 {[%emt 0:02:23]} 23. Be4 {[%emt 0:01:26]} Qxc2 {[%emt 0:00:23]} 24. Bxc2 {[%emt 0:00:02]} Bc3 {[%emt 0:00:28]} 25. Rac1 {[%emt 0:02:13]} Be6 {[%emt 0:01:51]} 26. Bb3 {[%emt 0:03:23]} Bd7 {[%emt 0:05:02]} 27. Rd3 {[%emt 0:01:25]} Bf5 {[%emt 0:00:30]} 28. Rcxc3 {[%emt 0:00:23]} dxc3 {[%emt 0:00:36]} 29. Rxd8 {[%emt 0:00:07]} c2 {[%emt 0:00:09]} 30. Bxc2 {[%emt 0:00:13]} Bxc2 {[%emt 0:00:03]} 31. Rd7 {[%emt 0:00:12]} 1-0

[Event "WYCC 2018 O16"]
[Site "Halkidiki"]
[Date "2018.10.29"]
[Round "10"]
[White "Lou, Vincent"]
[Black "Zhalmakhanov, Ramazan"]
[Result "0-1"]
[WhiteElo "2155"]
[BlackElo "2316"]
[Annotator "NA"]
[PlyCount "62"]
[EventDate "2018.10.20"]
[EventType "swiss"]
[EventCountry "GRE"]
[SourceTitle "playchess.com"]
[Source "ChessBase"]
[SourceQuality "1"]
[TimeControl "40/5400+30:1800+30"]

1. d4 {[%emt 0:00:00]} Nf6 {[%emt 0:00:00]} 2. c4 {[%emt 0:00:00]} e6 {[%emt 0:00:00]} 3. Nc3 {[%emt 0:00:00]} Bb4 {[%emt 0:00:00]} 4. Qc2 {[%emt 0:00:00]} Nc6 {[%emt 0:00:35]} 5. Nf3 {[%emt 0:00:00]} d6 {[%emt 0:00:08]} 6. Bd2 {[%emt 0:00:00]} e5 {[%emt 0:00:23]} 7. d5 {[%emt 0:00:25]} Bxc3 {[%emt 0:00:16]} 8. Bxc3 {[%emt 0:00:10]} Ne7 {[%emt 0:00:05] E33: Nimzo-Indian: Classical: 4...Nc6} 9. e4 {[%emt 0:02:43]} O-O {[%emt 0:05:10]} 10. Be2 {[%emt 0:14:51]} Ng6 {[%emt 0:00:11]} 11. g3 {[%emt 0:04:07]} Bh3 {[%emt 0:06:42]} 12. Ng5 {[%emt 0:04:13]} Bg4 $146 {[%emt 0:00:32]} ({Predecessor:} 12... Bd7 13. h4 h6 14. Nf3 Bg4 15. Ng1 Re8 16. Bxg4 Nxg4 17. f3 Nf6 18. Ne2 c6 19. Qb3 Qc7 20. Bd2 {½-½ (20) Alterman,B (2615)-Graf,A (2625) Recklinghausen 1998}) 13. h4 {[%emt 0:03:25]} h6 {[%emt 0:07:15]} 14. Bxg4 {[%emt 0:05:27]} Nxg4 {[%emt 0:00:08]} 15. Nf3 {[%emt 0:02:47]} Qd7 {[%emt 0:09:42]} 16. Nh2 {[%emt 0:11:03]} Nf6 {[%emt 0:11:09]} 17. O-O-O {[%emt 0:08:18]} c6 {[%emt 0:00:15]} 18. f4 {[%emt 0:09:46]} cxd5 {[%emt 0:07:19]} 19. exd5 {[%emt 0:04:22]} Rfc8 {[%emt 0:07:53]} 20. Qd3 {[%emt 0:09:17]} h5 {[%emt 0:03:56]} 21. Rhg1 {[%emt 0:09:32]} Qa4 $19 {[%emt 0:04:49]} 22. f5 {[%emt 0:05:26]} Ne7 {[%emt 0:00:19]} 23. g4 {[%emt 0:02:57]} Qxc4 {[%emt 0:00:55]} 24. gxh5 {[%emt 0:01:41]} Qxd3 {[%emt 0:03:36]} 25. Rxd3 {[%emt 0:00:05]} Nxh5 {[%emt 0:00:04]} 26. Rg5 {[%emt 0:01:43]} Nf4 {[%emt 0:00:18]} 27. Rdg3 {[%emt 0:00:12]} Ne2+ {[%emt 0:01:15]} 28. Kd2 {[%emt 0:00:23]} Nxg3 {[%emt 0:00:06]} 29. Rxg3 {[%emt 0:00:05]} Nxf5 {[%emt 0:00:19]} 30. Rg5 {[%emt 0:01:27]} Nxh4 {[%emt 0:00:07]} 31. Rh5 {[%emt 0:00:27]} Ng6 {[%emt 0:00:11]} 0-1